000 00788na a2200265 4500
001 23770
003 MIRAKIL
005 20181213155317.0
008 180102b tu 000 0
020 _a9789758757800
040 _aMilas
_btur
_cTR-AnCHP
041 _atur
_aara
082 _a297.5
_bG29i 2017
090 _a297.5 G29i 2017
100 _aİmam Gazzali
245 _aİslam'da dostluk ve kardeşlik adabı
_cİmam Gazzali ; çeviren M. Es'ad Coşan
260 _aİstanbul
_bServer yayınları
_c2017
_fKlas ofset
300 _a148 s.
_c22 sm.
440 _aserver yayınları
_vyayın no: 60
490 _aTemel eserler serisi
_v8
504 _aKaynakça ve dizin var.
650 _aİslam Dini
_xGörevler
700 _aCoşan, M. Es'ad
_eçev.
942 _2dcc
_cBKS
999 _c10347
_d10347